01091nam a22002057a 450000500170000001000180001702000350003502000330007003500170010303700090012008200120012924502040014126000450034527001110039030000320050149000370053350000210057050001780059170001160076920240807125947.0 aENG-141272-73 c1240.00a9788196533274 (Vol.6) c960.00a9788175055148(Vol.9) aEN-124804-05 bDBAD a581.954 aFlora of India:cedited by M. Sanjappa, Prashant K,Pusalkar and A.A. Mao(Vol.6); edited by V.Singh, P.Singh and S.S. Dash(Vol.9)bFanaceae(Leguminosae)(Vol.6) and Saxifragaceae- Lecythidaceae(Vol.9)/ aKolkatabBotanical Survey of Indiac2024 aCGO Complex, 3rd MSO Building Block-F, 5th & 6th Floor, DF-Block Sector-I, Salt Lake CitybKolkatae700064 a2Vol.(555.;482p.)c25cm(hb) vVol.6 and Vol.9aPart- 1 (Vol.6) a2 sets of Volume aPart-1, Subfamily CERCIDOIDEAE, Subfamily DETARIOIDEAE, Subfamily DIALIOIDEAE, Subfamily CAESALPINIOIDEAE [CAESALPINIOIDS& MIMOSOIDS] & Subfamily PAPILIONOIDEAE [GENISTOIDS] aedited by M. Sanjappa, Prashant K,Pusalkar and A.A. Mao(Vol.6); edited by V.Singh, P.Singh and S.S. Dash(Vol.9)